| 000 | 00822cam a2200181 4500 | ||
|---|---|---|---|
| 001 | WS109094 | ||
| 008 | 000000n 000 0 eng u | ||
| 035 | _a(Sirsi) u109094 | ||
| 110 |
_aRoyal Association of British Dairy Farmers _93957 |
||
| 245 | _aRoyal Association of British Dairy Farmers | ||
| 520 | _aWeb site for this organisation which describes itself as 'the only independent organisation addressing the many issues facing the UK dairy industry'. Includes news, details of events, articles and links pages. Also has a directory of dairy related companies and services. | ||
| 650 | _aDAIRY FARMERS | ||
| 650 | _aMILK PRODUCTION | ||
| 650 | _aORGANISATION | ||
| 690 | _aRURAL-AGRICULTURE AND FORESTRY | ||
| 856 | 4 | 0 |
_uhttps://www.rabdf.co.uk _zView the website free of charge at www.rabdf.co.uk... |
| 942 | _n0 | ||
| 999 |
_c119705 _d119705 |
||